000 01130nam a22002537a 4500
005 20240305165424.0
007 cr|||| ||||
008 140711s2014 mx |||||s|||| 00||0 spa d
020 _a978-368-726-797-3
035 _a12245
040 _avLex
090 _c5032
_d5032
100 1 _aLópez Lozano, Eduardo
245 1 0 _aAspectos contractuales y fiscales sobre sueldos y salarios 2014
_h[Recurso electrónico] /
_cEduardo López Lozano
256 _aServicio en línea
260 _aMéxico DF:
_bEdiciones Fiscales ISEF,
_c2014
300 _a1 recurso electrónico
506 1 _aDisponible solo en los productos indicados
_dvLex Global
_dvLex Global (Academic Edition, excluding Law Schools)
_dvLex Global (U.S. Academic Edition, Law Schools)
_dvLex Global (U.S. Academic Edition, excluding Law Schools)
_dvLex Global (Academic Edition, Law Schools)
650 0 4 _aDerecho Laboral y Seguridad Social
_zMéxico
650 0 4 _aDerecho Fiscal
_zMéxico
740 0 _avLex Libros (Servicio en línea)
856 4 0 _uhttps://app.vlex.com/#/sources/aspectos-contractuales-fiscales-sueldos-salarios-2014-12245
942 _cRAA
999 _c163380
_d163380